Závitová měřidla. STN 25 4188 : Mezní závitové třmenové kalibry. Trubkový závit válcový G 1/8" až G 3 1/2". Účinnost: 1.4.1965

Enregistré dans:
Détails bibliographiques
Format: Livre
Langue:tchèque
Publié: Praha : Úřad pro normalizaci a měření, 1964
Sujets:
Tags: Ajouter un tag
Pas de tags, Soyez le premier à ajouter un tag!

MARC

LEADER 00000nam a22000003a 4500
001 stu79697
005 20150408175427.3
008 030311s1964----cs------------------cze-d
040 |a STU  |b slo 
041 0 |a cze 
044 |a cs 
080 |a 531.729.5 
245 |a Závitová měřidla. STN 25 4188 :  |b Mezní závitové třmenové kalibry. Trubkový závit válcový G 1/8" až G 3 1/2". Účinnost: 1.4.1965 
260 |a Praha :  |b Úřad pro normalizaci a měření,  |c 1964 
300 |a 4 s 
650 7 |a meradlá závitové  |2 stusub 
996 |b 284M039466  |c M*N-704-1  |l MMKN  |s A  |a 24  |w stu79697_0001